000 00543nam a22001937a 4500
005 20251108165321.0
008 250721s1980 xx 000 0 ara d
082 1 4 _a947.0842/فاس
100 1 _aفاسيليفسكي،
245 1 0 _aقضية من حياتي /
264 1 _aموسكو :
_bدار التقدم،
_c1980.
300 _a606ص
650 1 7 _aتاريخ ألمانيا
650 1 7 _aتاريخ روسيا
650 1 7 _aالحرب
700 1 _aمقداد، إبراهيم
_eترجمة
942 _2ddc
_cBK
999 _c24930
_d24930